Las ferreterías del cielo 1948-1954
Guardat en:
| Autor principal: | |
|---|---|
| Format: | Llibre |
| Idioma: | espanyol |
| Publicat: |
Valparaíso
Galaxia
1955
|
| Matèries: | |
| Etiquetes: |
Afegir etiqueta
Sense etiquetes, Sigues el primer a etiquetar aquest registre!
|
MARC
| LEADER | 00000nam a2200000 a 4500 | ||
|---|---|---|---|
| 001 | UCZ4942 | ||
| 003 | CL-VaPUC | ||
| 008 | 951115e19550000CL |||||||||||||||||spa|d | ||
| 082 | 0 | 4 | |a Ch861 |b ALC |2 21 |
| 100 | 0 | |a Alcayaga Vicuña, Arturo |e author |9 348897 | |
| 245 | 1 | 4 | |a Las ferreterías del cielo 1948-1954 |
| 300 | |a 48 p | ||
| 942 | |c BK | ||
| 945 | |d 19951115 00:00:00 |a rleighto | ||
| 260 | |a Valparaíso |b Galaxia |c 1955 | ||
| 650 | 0 | |a Poesías chilenas |9 265280 | |
| 583 | |a last modification |c 20190710 07:27:03 |k Rodrigo Vera | ||
| 999 | |c 241283 |d 241281 | ||
| 952 | |0 0 |1 0 |4 0 |6 CH_861_000000000000000_ALC_1955 |7 0 |8 A |9 253572 |a FDOPOS |b FDOPOS |d 2019-11-19 |i 3150208 |o Ch861 ALC 1955 |p 3150208 |r 2025-01-22 |w 2019-11-19 |y BK |k MLH | ||